Un viaje al Transvaal durante la guerra
Na minha lista:
| Autor principal: | |
|---|---|
| Formato: | Livro |
| Idioma: | espanhol |
| Publicado em: |
Alicante
Talleres Tipográficos J. de Elizalde
1902
|
| Assuntos: | |
| Tags: |
Adicionar Tag
Sem tags, seja o primeiro a adicionar uma tag!
|
MARC
| LEADER | 00000nam a2200000 a 4500 | ||
|---|---|---|---|
| 001 | UCZ8344 | ||
| 003 | CL-VaPUC | ||
| 008 | 960119e19020000SP |||||||||||||||||spa|d | ||
| 082 | 0 | 4 | |a 968.204 |b VER |2 21 |
| 100 | 0 | |a Vera, Vicente |e author |9 353595 | |
| 245 | 1 | 3 | |a Un viaje al Transvaal durante la guerra |
| 300 | |a 472 p | ||
| 942 | |c BK | ||
| 945 | |d 19960119 00:00:00 |a mcarcey | ||
| 260 | |a Alicante |b Talleres Tipográficos J. de Elizalde |c 1902 | ||
| 650 | 7 | |a HISTORIA DE SUDAFRICA SIGLO 19 |2 CL-VaPUC |9 353596 | |
| 650 | 0 | |a Guerra |9 255876 | |
| 651 | 7 | |a TRANSVAAL |2 CL-VaPUC |9 353597 | |
| 651 | 7 | |a SUDAFRICA |2 CL-VaPUC |9 261695 | |
| 583 | |a last modification |c 20160826 04:18:00 |k Rodrigo Vera | ||
| 999 | |c 244272 |d 244270 | ||
| 952 | |0 0 |1 0 |4 0 |6 968_204000000000000_VER_1902 |7 0 |8 X |9 258276 |a BIBHIS |b BIBHIS |d 2019-11-19 |i 3171302 |o 968.204 VER 1902 |p 3171302 |r 2024-01-30 |w 2019-11-19 |y BK_X |k HIS | ||